The little troll / (Record no. 105997)
[ view plain ]
| 000 -LEADER | |
|---|---|
| fixed length control field | 00355nam a2200133 a 4500 |
| 005 - DATE AND TIME OF LATEST TRANSACTION | |
| control field | 20140412111420.0 |
| 008 - FIXED-LENGTH DATA ELEMENTS--GENERAL INFORMATION | |
| fixed length control field | 070912s19uu xx 00 eng d |
| 020 ## - INTERNATIONAL STANDARD BOOK NUMBER | |
| International Standard Book Number | 82-04-06705-4 |
| 050 ## - LIBRARY OF CONGRESS CALL NUMBER | |
| Classification number | ER |
| Item number | Li72 |
| 100 ## - MAIN ENTRY--PERSONAL NAME | |
| Personal name | Bringsvaerd, Tor Age |
| 245 ## - TITLE STATEMENT | |
| Title | The little troll / |
| Statement of responsibility, etc | Tor Age Bringsvaerd. |
| 260 ## - PUBLICATION, DISTRIBUTION, ETC. (IMPRINT) | |
| Place of publication, distribution, etc | Denmark : |
| Name of publisher, distributor, etc | N.W. Damm & Son. |
| Withdrawn status | Lost status | Damaged status | Home library | Current library | Shelving location | Date acquired | Source of acquisition | Total Checkouts | Full call number | Barcode | Date last seen | Price effective from | Koha item type |
|---|---|---|---|---|---|---|---|---|---|---|---|---|---|
| Elizalde Library | Elizalde Library | Easy Reading Section | 09/12/2007 | ER Li72 | E11086 | 04/12/2014 | 04/12/2014 | Books |